Survivor Name Ladder 6 - Statistics

General Stats
  • This quiz has been taken 55 times
  • The average score is 13 of 20
Answer Stats
Picture Answer % Correct
Eliza
94%
Rob
94%
Bob
92%
Kass
92%
Natalie
90%
Abi-Maria
81%
Erik
65%
Zach
65%
Shamar
60%
Aurora
58%
Ashley
54%
Helen
54%
Liz
54%
Brad
52%
Dirk
52%
Kim
50%
Daniel
48%
Yve
48%
Ted
42%
Matt
38%
No matching quizzes found
Score Distribution
Percent of People with Each Score
Percentile by Number Answered
Your Score History
You have not taken this quiz